| 000 | 00000nam##2200000za#4500 |
| 001 | 9.696178 |
| 003 | CaOODSP |
| 005 | 20241203113637 |
| 007 | cr ||||||||||| |
| 008 | 150407|2000||||xxc|||||o f|0| 0 eng|d |
| 040 | |aCaOODSP|beng |
| 043 | |an-cn--- |
| 086 | 1 |aEn21-204/2000E-PDF |
| 110 | 1 |aCanada. |bEnvironment Canada. |
| 245 | 10|aCanada's National Programme of Action for the protection of the marine environment from land-based activities (NPA) / |h[electronic resource]|cprepared by the Federal/Provincial/Territorial Advisory Committee on Canada's National Programme of Action for the Protection of the Marine Environment from Land-based Activities. |
| 260 | |aOttawa - Ontario : |bEnvironment Canada |cJune 2000. |
| 300 | |a20, 18, 19, 19, 20, 26, 13p.|bglossary, graph, maps (some coloured), references, tables |
| 500 | |aThe catalogue number (En21-204/2000E) and ISBN (0-662-29033-X) for the print edition have been incorrectly copied in this electronic publication. |
| 504 | |aBibliography. |
| 520 | 3 |a"Canada's goals under the NPA are to: protect human health; reduce the degradation of the marine environment; remediate damaged areas; promote the conservation and sustainable use of marine resources; and maintain the productive capacity and biodiversity of the marine environment"--Executive summary. |
| 590 | |a12-21-Supp|b2012-05-18 |
| 690 | 07|aEnvironmental impact assessment|2gcpds |
| 690 | 07|aWater pollution|2gcpds |
| 690 | 07|aAquatic ecosystems|2gcpds |
| 690 | 07|aFederal programs|2gcpds |
| 775 | 08|tProgramme d'action national du Canada pour la protection du milieu marin contre la pollution due aux activités terrestres (PAN) / |w(CaOODSP)9.640295 |
| 776 | 0#|tCanada's National Programme of Action for the protection of the marine environment from land-based activities (NPA) / |w(CaOODSP)9.647769 |
| 856 | 40|ahttp://publications.gc.ca|qPDF|s457 KB|uhttps://publications.gc.ca/collections/Collection/En21-204-2000-5E.pdf |
| 856 | 40|ahttp://publications.gc.ca|qPDF|s814 KB|uhttps://publications.gc.ca/collections/Collection/En21-204-2000-4E.pdf |
| 856 | 40|ahttp://publications.gc.ca|qPDF|s664 KB|uhttps://publications.gc.ca/collections/Collection/En21-204-2000-6E.pdf |
| 856 | 40|ahttp://publications.gc.ca|qPDF|s144 KB|uhttps://publications.gc.ca/collections/Collection/En21-204-2000-2E.pdf |
| 856 | 40|ahttp://publications.gc.ca|qPDF|s706 KB|uhttps://publications.gc.ca/collections/Collection/En21-204-2000-3E.pdf |
| 856 | 40|ahttp://publications.gc.ca|qPDF|s203 KB|uhttps://publications.gc.ca/collections/Collection/En21-204-2000-1E.pdf |
| 856 | 40|ahttp://publications.gc.ca|qPDF|s117 KB|uhttps://publications.gc.ca/collections/Collection/En21-204-2000-7E.pdf |